ARRUPE JESUIT UNIVERSITY

CORONAVIRUS -STOP THE SPREAD - CLEAN,DISINFECT,COVER

Questioning the media : (Record no. 124478)

MARC details
000 -LEADER
fixed length control field 00626nam a22001817a 4500
008 - FIXED-LENGTH DATA ELEMENTS--GENERAL INFORMATION
fixed length control field 160323b xxu||||| |||| 00| 0 eng d
020 ## - INTERNATIONAL STANDARD BOOK NUMBER
International Standard Book Number 0-8039-7197-4
050 ## - LIBRARY OF CONGRESS CALL NUMBER
Classification number P90.Q48 1995
110 ## - MAIN ENTRY--CORPORATE NAME
Corporate name or jurisdiction name as entry element Downing, John
Relator term ed.
9 (RLIN) 23361
245 ## - TITLE STATEMENT
Title Questioning the media :
Remainder of title a critical introduction
Statement of responsibility, etc / John Downing,Ali Mohammadi and Annabelle Sreberny-Mohammandi (ed.)
260 ## - PUBLICATION, DISTRIBUTION, ETC. (IMPRINT)
Place of publication, distribution, etc California
Name of publisher, distributor, etc Sage
Date of publication, distribution, etc 1995
300 ## - PHYSICAL DESCRIPTION
Extent xiv, 511p. ;
Dimensions 23cm.
650 ## - SUBJECT ADDED ENTRY--TOPICAL TERM
Topical term or geographic name as entry element Mass media
9 (RLIN) 536
710 ## - ADDED ENTRY--CORPORATE NAME
Corporate name or jurisdiction name as entry element John Downing
Relator term ed.
9 (RLIN) 23362
710 ## - ADDED ENTRY--CORPORATE NAME
Corporate name or jurisdiction name as entry element Mohammadi Ali
Relator term ed.
9 (RLIN) 23363
710 ## - ADDED ENTRY--CORPORATE NAME
Corporate name or jurisdiction name as entry element Sreberny-Mohammandi Annabelle
Relator term ed.
9 (RLIN) 23364
942 ## - ADDED ENTRY ELEMENTS (KOHA)
Source of classification or shelving scheme Library of Congress Classification
Item type Monograph ( Printed materials)
Holdings
Withdrawn status Lost status Source of classification or shelving scheme Damaged status Not for loan Collection code Home library Current library Shelving location Date acquired Total Checkouts Full call number Barcode Date last seen Price effective from Koha item type
    Library of Congress Classification     Main Collection ARRUPE LIBRARY ARRUPE LIBRARY Main Collection 23/03/2016   P90.Q48 1995 46500006280 26/02/2019 23/03/2016 Monograph ( Printed materials)

 

Arrupe Library. PO Box MP320 Mt Pleasant, Harare, Zimbabwe
263 242 745411|librarian@aju.ac.zw